| 000 | 00699cam a2200169K 4500 | ||
|---|---|---|---|
| 082 |
_a940.4 _bFUL |
||
| 100 | 1 |
_aFuller, J. F. C. _937121 |
|
| 245 | 1 | 0 |
_aTanks in the great war, 1914-1918 _cby Brevet-Colonel J.F.C. Fuller ... |
| 260 |
_aNew York, _bE.P. Dutton and Co., _c1920. |
||
| 300 |
_a1 online resource (2 p. l., ix-xxiv, 331, [1] p.) _bfront., illus., VII pl., maps (1 fold.) diagrs. |
||
| 526 |
_a0 _b0 _c0 _d940_400000000000000_FUL |
||
| 526 |
_a0 _b0 _c0 _d940_400000000000000_FUL |
||
| 650 | 0 |
_aTanks (Military science) _946748 |
|
| 650 | 0 |
_aWorld War, 1914-1918 _xCampaigns _zWestern Front. _949302 |
|
| 856 | 4 | 0 | _uhttp://catalog.hathitrust.org/api/volumes/oclc/11156389.html |
| 942 |
_2ddc _cBK |
||
| 999 |
_c552141 _d552141 |
||